BUBT Library Online Catalog

Fundamental Of Differential Calculus (Record no. 3352)

000 -LEADER
fixed length control field 00594nam a2200217Ia 4500
003 - CONTROL NUMBER IDENTIFIER
control field BUBTL
008 - FIXED-LENGTH DATA ELEMENTS--GENERAL INFORMATION
fixed length control field 151213s9999 xx 000 0 und d
020 ## - INTERNATIONAL STANDARD BOOK NUMBER
International Standard Book Number 812390994-2
082 ## - DEWEY DECIMAL CLASSIFICATION NUMBER
Classification number 515.33
Item number RAD
100 ## - MAIN ENTRY--PERSONAL NAME
Personal name Er. Vikas Rahi
245 ## - TITLE STATEMENT
Title Fundamental Of Differential Calculus
Statement of responsibility, etc. Er. Vikas Rahi
250 ## - EDITION STATEMENT
Edition statement 2nd
260 ## - PUBLICATION, DISTRIBUTION, ETC. (IMPRINT)
Place of publication, distribution, etc. New Delhi
Name of publisher, distributor, etc. CBS Publishers & Distributions
Date of publication, distribution, etc. 2006
300 ## - PHYSICAL DESCRIPTION
Extent [viii] , 373p . :
Other physical details 22cm .
650 ## - SUBJECT ADDED ENTRY--TOPICAL TERM
Topical term or geographic name as entry element Mathematics
650 ## - SUBJECT ADDED ENTRY--TOPICAL TERM
Topical term or geographic name as entry element Mathematics
700 ## - ADDED ENTRY--PERSONAL NAME
Personal name Er. Vikas Rahi
856 ## - ELECTRONIC LOCATION AND ACCESS
Password 0
Logon 0
Link text Download
942 ## - ADDED ENTRY ELEMENTS (KOHA)
Source of classification or shelving scheme
Koha item type Books
Holdings
Withdrawn status Lost status Source of classification or shelving scheme Damaged status Not for loan Collection code Permanent location Current location Shelving location Date acquired Inventory number Total Checkouts Full call number Barcode Date last seen Copy number Price effective from Koha item type Date last checked out
        Not For Loan Non-fiction Bangladesh University of Business and Technology Library Bangladesh University of Business and Technology Library Mathematics Stacks 07/17/2018 5603   515.33 RAD BUBTL-20035603 07/17/2018 C-1 07/17/2018 Books  
          Non-fiction Bangladesh University of Business and Technology Library Bangladesh University of Business and Technology Library Mathematics Stacks 07/18/2018 5604 1 515.33 RAD BUBTL-20035604 03/01/2020 C-2 07/18/2018 Books 02/24/2020

More Information About Library

Library Hours

  • Open: 9.00 am. to 9.00 pm.
  • Only Sunday: 9.00 am. to 6.00 pm.
  • Closed: Holiday

Contact to the University

Bangladesh University of Business and Technology Library

  • Mirpurl-2, 1216.
  • Phone:
  • Fax:
  • E-Mail: admin.library@bubt.edu.bd

Contact to the Library

Contact Person:

Md. Abdul Hakim Shah
Joint Librarian
PABX No:  113
Cell No: 01816332931
E-mail: official: admin.library@bubt.edu.bd
Personal: hakim.shah@bubt.edu.bd


BUBT Library

Copyright © 2021